Estadísticas para 15 principales países con muertes de Covid-19 - 22 mayo 2021

Haz click aquí para intentar la prueba.

Estadísticas generales

  • Esta prueba ha sido intentada 4 veces
  • La puntuación promedio es 18 de 24

Estadísticas de respuestas

total
muertes
país% Correcto
87 960Alemania
100%
73 688Argentina
100%
448 291Brasil
100%
79 620España
100%
603 876Estados Unidos
100%
108 526Francia
100%
299 256India
100%
221 256México
100%
67 807Perú
100%
127 716Reino Unido
100%
Bélgica
75%
Chequia
75%
84 228Colombia
75%
Hungría
75%
78 381Irán
75%
125 153Italia
75%
72 882Polonia
75%
118 125Rusia
75%
Bosnia y Herzegovina
50%
Eslovaquia
50%
Eslovenia
50%
Bulgaria
25%
Croacia
25%
Macedonia del Norte
0%

Distribución de puntuación

Porcentaje por número respondido

Porcentaje de gente con cada puntuación

Historial de tus puntuaciones

No has intentado esta prueba.